[Event "Stuttgart-chA int"]
[Site "Ditzingen"]
[Date "2016.05.05"]
[Round "2"]
[White "Huettig, Michael"]
[Black "Ivanisevic, Ivan"]
[Result "0-1"]
[WhiteElo "2164"]
[BlackElo "2646"]
[PlyCount "46"]
[EventDate "2016.05.05"]
[EventType "swiss"]
[EventRounds "7"]
[EventCountry "GER"]
[SourceTitle "EXT 2018"]
[Source "ChessBase"]
[SourceDate "2017.10.13"]
[SourceVersion "1"]
[SourceVersionDate "2017.10.13"]
[SourceQuality "1"]

1. Nf3 d5 2. g3 Nc6 3. d4 Bg4 4. Bg2 e6 5. 0-0 Bd6 6. c4 Nf6 7. Nc3 0-0 8. c5 Be7 9. h3 Bh5 10. Bf4 Nd7 11. Rc1 f5 12. b4 g5 13. b5 Na5 14. Be5 Nc4 15. c6 bxc6 16. bxc6 Bxf3 17. exf3 Ndxe5 18. dxe5 f4 19. Re1 Rb8 20. g4 Ba3 21. Rc2 Nb2 22. Qa1 Nd3 23. Rd1 Bb2 0-1

[Event "Staufer op 22nd"]
[Site "Schwaebisch Gmuend"]
[Date "2010.01.05"]
[Round "9"]
[White "Pribyl, Josef"]
[Black "Huettig, Michael"]
[Result "1-0"]
[WhiteElo "2344"]
[BlackElo "2163"]
[PlyCount "85"]
[EventDate "2010.01.02"]
[EventType "swiss"]
[EventRounds "9"]
[EventCountry "GER"]
[SourceTitle "CBM 134 Extra"]
[Source "ChessBase"]
[SourceDate "2010.03.03"]
[SourceVersion "1"]
[SourceVersionDate "2010.03.03"]
[SourceQuality "1"]

1. Nf3 Nf6 2. d4 g6 3. Nc3 d5 4. Bf4 Bg7 5. e3 0-0 6. Be2 c5 7. dxc5 Qa5 8. Nd2 Qxc5 9. Nb3 Qb6 10. Be5 Be6 11. Nb5 Na6 12. Bd4 Qd8 13. Nxa7 Bf5 14. g4 Be4 15. f3 e5 16. Bxe5 Nxg4 17. Bxg7 Nxe3 18. Bd4 Nxd1 19. Kxd1 Bf5 20. c3 Nc7 21. Nb5 Nxb5 22. Bxb5 Qh4 23. Nd2 Rfe8 24. a4 Re6 25. a5 Rae8 26. Bxe8 Rxe8 27. a6 bxa6 28. Rxa6 Bd3 29. Ra5 Qe7 30. b4 Qe2+ 31. Kc1 Bf5 32. Rd1 Qxh2 33. Rxd5 Ra8 34. c4 Be6 35. Re5 Qf4 36. Re4 Qc7 37. c5 Qa7 38. Bb2 Qa4 39. Rd4 f5 40. f4 Rb8 41. Nf3 Rxb4 42. Rxb4 Qxb4 43. Rd8+ 1-0

[Event "Stuttgart-chA int"]
[Site "Gerlingen"]
[Date "2007.05.18"]
[Round "3"]
[White "Braun, Matthias1111"]
[Black "Huettig, Michael"]
[Result "1-0"]
[WhiteElo "1824"]
[BlackElo "2189"]
[PlyCount "60"]
[EventDate "2007.05.17"]
[EventType "swiss"]
[EventRounds "7"]
[EventCountry "GER"]
[SourceTitle "EXT 2018"]
[Source "ChessBase"]
[SourceDate "2017.10.13"]
[SourceVersion "1"]
[SourceVersionDate "2017.10.13"]
[SourceQuality "1"]

1. e4 e5 2. f4 exf4 3. Nf3 d6 4. Bc4 h6 5. b3 Nf6 6. 0-0 Be7 7. Re1 0-0 8. d4 g5 9. e5 dxe5 10. Nxe5 Bf5 11. Bb2 Nbd7 12. Qe2 Bd6 13. Nd2 Nxe5 14. dxe5 Bc5+ 15. Kh1 Ng4 16. h3 Nf2+ 17. Kh2 g4 18. g3 fxg3+ 19. Kxg3 gxh3 20. Nf3 Kh7 21. Kh2 Rg8 22. Rg1 Rg4 23. Bxf7 Qe7 24. e6 Bd6+ 25. Be5 Bxe6 26. Qxf2 Qxf7 27. Bxd6 Rag8 28. Bg3 Rf8 29. Raf1 Bd5 30. Ne5 Qxf2+ 1-0

[Event "Stuttgart-chA int"]
[Site "Ditzingen"]
[Date "2006.05.26"]
[Round "3"]
[White "Huettig, Michael"]
[Black "Epding, Olaf"]
[Result "1-0"]
[WhiteElo "2179"]
[BlackElo "2288"]
[PlyCount "50"]
[EventDate "2006.05.25"]
[EventType "swiss"]
[EventRounds "7"]
[EventCountry "GER"]
[SourceTitle "EXT 2018"]
[Source "ChessBase"]
[SourceDate "2017.10.13"]
[SourceVersion "1"]
[SourceVersionDate "2017.10.13"]
[SourceQuality "1"]

1. Nf3 d5 2. g3 Nf6 3. Bg2 e6 4. 0-0 Be7 5. d3 0-0 6. Nbd2 b6 7. e4 Bb7 8. e5 Nfd7 9. Re1 c5 10. Nf1 Nc6 11. h4 b5 12. Bf4 Nb6 13. N1h2 d4 14. Ng5 Na5 15. Bxb7 Nxb7 16. Qh5 Bxg5 17. hxg5 c4 18. Ng4 Qd5 19. Nf6+ gxf6 20. gxf6 Kh8 21. f3 Rg8 22. Kf2 Nd7 23. Qxh7+ Kxh7 24. Rh1+ Kg6 25. Rh6+ Kf5 1-0

[Event "Boeblingen op 22nd"]
[Site "Boeblingen"]
[Date "2005.12.30"]
[Round "9"]
[White "Fromm, Christian"]
[Black "Huettig, Michael"]
[Result "1-0"]
[WhiteElo "2079"]
[BlackElo "2202"]
[PlyCount "75"]
[EventDate "2005.12.26"]
[EventType "swiss"]
[EventRounds "9"]
[EventCountry "GER"]
[SourceTitle "CBM 110 Extra"]
[Source "ChessBase"]
[SourceDate "2006.03.10"]
[SourceVersion "2"]
[SourceVersionDate "2006.03.10"]
[SourceQuality "1"]

1. c4 Nf6 2. g3 g6 3. Bg2 Bg7 4. Nc3 0-0 5. e4 d6 6. Nge2 c5 7. 0-0 Nc6 8. d3 a6 9. h3 Rb8 10. a4 Ne8 11. Rb1 Nc7 12. Be3 Bd7 13. d4 cxd4 14. Nxd4 Ne6 15. Nce2 Ncxd4 16. Nxd4 Nxd4 17. Bxd4 Bxa4 18. b3 Bc6 19. Bxg7 Kxg7 20. Qd4+ Kg8 21. Rfd1 Qc7 22. h4 h5 23. Ra1 Rfc8 24. Bh3 Bd7 25. Bxd7 Qxd7 26. e5 Rd8 27. Ra5 Rbc8 28. Rd5 Rc6 29. c5 Qe6 30. exd6 exd6 31. cxd6 a5 32. Qf4 Kg7 33. d7 f6 34. R5d3 Qg4 35. Qd2 b6 36. Rd4 Qf5 37. Rd5 Qc2 38. Qe3 1-0

[Event "Boeblingen op 20th"]
[Site "Boeblingen"]
[Date "2003.12.29"]
[Round "6"]
[White "Huettig, Michael"]
[Black "Hammes, Michael"]
[Result "0-1"]
[WhiteElo "2179"]
[BlackElo "2349"]
[PlyCount "50"]
[EventDate "2003.12.26"]
[EventType "swiss"]
[EventRounds "9"]
[EventCountry "GER"]
[SourceTitle "CBM 097 Extra"]
[Source "ChessBase"]
[SourceDate "2004.01.13"]
[SourceVersion "1"]
[SourceVersionDate "2004.01.13"]
[SourceQuality "1"]

1. Nf3 f5 2. g3 Nf6 3. Bg2 g6 4. d3 Bg7 5. 0-0 d6 6. c4 0-0 7. Nc3 e5 8. Rb1 a5 9. a3 Nc6 10. b4 axb4 11. axb4 h6 12. b5 Ne7 13. Nd2 g5 14. Qb3 Kh8 15. Ba3 Rb8 16. Ra1 f4 17. Nde4 Nf5 18. Nxf6 Bxf6 19. Ne4 Nd4 20. Qb2 Bg4 21. b6 c5 22. e3 Ne2+ 23. Kh1 f3 24. h3 Qd7 25. hxg4 Qxg4 0-1

[Event "Stuttgart-chA"]
[Site "Stuttgart"]
[Date "2003.??.??"]
[Round "?"]
[White "Huettig, Michael"]
[Black "Nass, Walter Robert"]
[Result "1-0"]
[WhiteElo "2180"]
[BlackElo "1745"]
[PlyCount "89"]
[EventDate "2003.??.??"]
[EventType "swiss"]
[EventRounds "9"]
[EventCountry "GER"]
[SourceTitle "EXT 2007"]
[Source "ChessBase"]
[SourceDate "2006.11.23"]
[SourceVersion "1"]
[SourceVersionDate "2006.11.23"]
[SourceQuality "1"]

1. Nf3 Nf6 2. g3 g6 3. Bg2 Bg7 4. 0-0 c5 5. d3 Nc6 6. Nc3 b6 7. a3 Bb7 8. Rb1 e6 9. b4 d6 10. e4 Nd7 11. Nb5 Nde5 12. Nxe5 Nxe5 13. f4 Nc6 14. e5 dxe5 15. bxc5 bxc5 16. Be3 a6 17. Bxc5 axb5 18. Rxb5 Ra5 19. Qb1 Rxb5 20. Qxb5 Qc8 21. Rb1 Ba8 22. Rb4 Bf8 23. fxe5 Bxc5+ 24. Qxc5 Qc7 25. Rd4 Qb8 26. Bxc6+ Bxc6 27. Qxc6+ Kf8 28. Qd6+ Kg7 29. Qxb8 Rxb8 30. Rb4 Ra8 31. a4 Rc8 32. c4 Rd8 33. Rb3 Ra8 34. Ra3 Ra5 35. d4 f6 36. exf6+ Kxf6 37. Kf2 e5 38. Ke3 exd4+ 39. Kxd4 Ke6 40. c5 Kd7 41. Kd5 h5 42. h4 Kc7 43. Kc4 Kc6 44. Kb4 Ra8 45. Rf3 1-0

[Event "Boeblingen op 19th"]
[Site "Boeblingen"]
[Date "2002.12.30"]
[Round "8"]
[White "Huettig, Michael"]
[Black "Schoenegg, Thomas"]
[Result "1/2-1/2"]
[WhiteElo "2177"]
[BlackElo "2123"]
[PlyCount "103"]
[EventDate "2002.12.26"]
[EventType "swiss"]
[EventRounds "9"]
[EventCountry "GER"]
[SourceTitle "EXT 2004"]
[Source "ChessBase"]
[SourceDate "2003.11.25"]
[SourceVersion "1"]
[SourceVersionDate "2003.11.25"]
[SourceQuality "1"]

1. Nf3 d5 2. g3 c6 3. Bg2 Nf6 4. d3 Bg4 5. Nbd2 e6 6. h3 Bh5 7. c4 a5 8. b3 Bd6 9. a3 Qe7 10. Bb2 Nbd7 11. Ra2 0-0 12. Qa1 Rfd8 13. 0-0 Ne8 14. Re1 f6 15. e4 dxc4 16. Nxc4 Bc7 17. d4 Nb6 18. a4 Bf7 19. Ba3 Qd7 20. Rd2 Qc8 21. Red1 Nxc4 22. bxc4 Nd6 23. Bxd6 Bxd6 24. c5 Be7 25. e5 Qc7 26. Qc3 b5 27. cxb6 Qxb6 28. Rb2 Bb4 29. Rc1 Rac8 30. exf6 gxf6 31. Qe3 Kg7 32. Qf4 Bh5 33. g4 Bg6 34. g5 Rf8 35. Nh2 Qd8 36. Ng4 fxg5 37. Qe5+ Kf7 38. Bxc6 Bf5 39. Nh6+ Kg6 40. Nxf5 exf5 41. Rbc2 Qd6 42. Qxd6+ Bxd6 43. Bb5 Rxc2 44. Rxc2 Bb4 45. d5 Rd8 46. Rc6+ Rd6 47. Bc4 Rxc6 48. dxc6 Bd6 49. Bd3 Kf6 50. f3 Ke5 51. Kf2 h5 52. Kg2 1/2-1/2

[Event "Oberliga Wuerttemberg 0203"]
[Site "Wuerttemberg"]
[Date "2002.12.16"]
[Round "4"]
[White "Glueck, Gunther"]
[Black "Huettig, Michael"]
[Result "1/2-1/2"]
[WhiteElo "2150"]
[BlackElo "2061"]
[PlyCount "102"]
[EventDate "2002.10.13"]
[EventType "team-tourn"]
[EventRounds "9"]
[EventCountry "GER"]
[SourceTitle "EXT 2019"]
[Source "ChessBase"]
[SourceDate "2018.10.10"]
[SourceVersion "1"]
[SourceVersionDate "2018.10.10"]
[SourceQuality "1"]
[WhiteTeam "Boeblingen"]
[BlackTeam "Wolfbusch"]
[WhiteTeamCountry "GER"]
[BlackTeamCountry "GER"]

1. e4 e5 2. Nf3 Nc6 3. Bb5 a6 4. Ba4 Nf6 5. 0-0 Be7 6. Re1 b5 7. Bb3 0-0 8. c3 d5 9. exd5 Nxd5 10. Nxe5 Nxe5 11. Rxe5 Nf6 12. d4 Bd6 13. Re1 Ng4 14. g3 Nxh2 15. Qh5 Ng4 16. Bg5 Qd7 17. Bd1 h6 18. Be3 Qf5 19. Qxf5 Bxf5 20. Nd2 Nxe3 21. Rxe3 Rae8 22. Nf1 Rxe3 23. Nxe3 Bd7 24. Bf3 f5 25. Bd5+ Kh7 26. f4 Re8 27. Kf2 g5 28. Ng2 Kg6 29. Re1 Rxe1 30. Kxe1 Kf6 31. a3 Be6 32. Bc6 Bc4 33. Kf2 Ke6 34. fxg5 hxg5 35. Ne3 Bd3 36. a4 f4 37. gxf4 Bxf4 38. axb5 axb5 39. Bf3 Kd6 40. Bg4 Be4 41. Be2 Kc6 42. Bh5 Kb6 43. Bf7 Ka5 44. Be6 c6 45. Ke2 Ka4 46. c4 bxc4 47. Bxc4 Kb4 48. Be6 Bxe3 49. Kxe3 Bd5 50. Bd7 Kb3 51. Kf2 Kc4 1/2-1/2

[Event "Oberliga Wuerttemberg 0203"]
[Site "Wuerttemberg"]
[Date "2002.11.10"]
[Round "2"]
[White "Stanescu, Christian"]
[Black "Huettig, Michael"]
[Result "1-0"]
[WhiteElo "2063"]
[BlackElo "2061"]
[PlyCount "37"]
[EventDate "2002.10.13"]
[EventType "team-tourn"]
[EventRounds "9"]
[EventCountry "GER"]
[SourceTitle "EXT 2019"]
[Source "ChessBase"]
[SourceDate "2018.10.10"]
[SourceVersion "1"]
[SourceVersionDate "2018.10.10"]
[SourceQuality "1"]
[WhiteTeam "Ditzingen"]
[BlackTeam "Wolfbusch"]
[WhiteTeamCountry "GER"]
[BlackTeamCountry "GER"]

1. e4 e5 2. Nf3 Nc6 3. Bc4 Nf6 4. Ng5 Bc5 5. 0-0 0-0 6. d3 d5 7. exd5 Bg4 8. Nf3 Nd4 9. Nbd2 Nxd5 10. c3 Nc6 11. h3 Bh5 12. Ne4 Bb6 13. Qe2 h6 14. Bxh6 f5 15. Ng3 Bf7 16. Nxf5 gxh6 17. Nxh6+ Kh7 18. Nxf7 Rxf7 19. Qe4+ 1-0

[Event "Oberliga Wuerttemberg 0102"]
[Site "Wuerttemberg"]
[Date "2002.??.??"]
[Round "5"]
[White "Schmidt, Olaf"]
[Black "Huettig, Michael"]
[Result "1-0"]
[WhiteElo "2099"]
[BlackElo "2094"]
[PlyCount "80"]
[EventDate "2001.10.01"]
[EventType "team-tourn"]
[EventRounds "9"]
[EventCountry "GER"]
[SourceTitle "EXT 2019"]
[Source "ChessBase"]
[SourceDate "2018.10.10"]
[SourceVersion "1"]
[SourceVersionDate "2018.10.10"]
[SourceQuality "1"]
[WhiteTeam "Tuebingen"]
[BlackTeam "Wolfbusch"]
[WhiteTeamCountry "GER"]
[BlackTeamCountry "GER"]

1. d4 Nf6 2. c4 g6 3. Nf3 Bg7 4. g3 0-0 5. Bg2 c5 6. Nc3 cxd4 7. Nxd4 Nc6 8. 0-0 Qa5 9. Nb3 Qb4 10. c5 a5 11. a4 d6 12. cxd6 Rd8 13. Nb5 Be6 14. Ra3 exd6 15. Nc7 Rac8 16. Nd5 Nxd5 17. Bxd5 Bxd5 18. Qxd5 Nd4 19. Nxd4 Bxd4 20. Rb3 Qc4 21. Rb5 Qxd5 22. Rxd5 Bc5 23. Bd2 Re8 24. e3 Re4 25. b3 Bb4 26. Rc1 Rxc1+ 27. Bxc1 Re5 28. Rxe5 dxe5 29. Kf1 f5 30. e4 Kf7 31. f3 Ke6 32. Ke2 Bd6 33. Kd3 Bc5 34. Bd2 b6 35. Kc4 Bd4 36. Kb5 Kd7 37. Bh6 Bg1 38. h3 Bh2 39. Be3 Bxg3 40. Bxb6 Ke7 1-0

[Event "Oberliga Wuerttemberg 0102"]
[Site "Wuerttemberg"]
[Date "2002.??.??"]
[Round "9"]
[White "Thoma, Christian"]
[Black "Huettig, Michael"]
[Result "1-0"]
[WhiteElo "2211"]
[BlackElo "2094"]
[PlyCount "87"]
[EventDate "2001.10.01"]
[EventType "team-tourn"]
[EventRounds "9"]
[EventCountry "GER"]
[SourceTitle "EXT 2019"]
[Source "ChessBase"]
[SourceDate "2018.10.10"]
[SourceVersion "1"]
[SourceVersionDate "2018.10.10"]
[SourceQuality "1"]
[WhiteTeam "Schmiden/Cannstatt"]
[BlackTeam "Wolfbusch"]
[WhiteTeamCountry "GER"]
[BlackTeamCountry "GER"]

1. e4 e5 2. Nf3 Nc6 3. Bc4 Nf6 4. d4 exd4 5. e5 d5 6. Bb5 Ne4 7. Nxd4 Bd7 8. Bxc6 bxc6 9. 0-0 Bc5 10. Nc3 Nxc3 11. bxc3 0-0 12. Re1 Qe7 13. Nb3 Bb6 14. a4 a5 15. Ba3 Qh4 16. Bc5 Bxc5 17. Nxc5 Bf5 18. Nb3 Rfe8 19. Qd2 Qc4 20. Nd4 Bd7 21. f4 c5 22. Nf3 Bf5 23. h3 h5 24. Ng5 Rab8 25. Rad1 c6 26. Qf2 Rb2 27. Qh4 Qxc3 28. Qxh5 Bg6 29. Qg4 Qxc2 30. Qf3 c4 31. Rc1 Qd2 32. Rcd1 Qc2 33. Rc1 Qd2 34. Rcd1 Qb4 35. f5 Qc5+ 36. Kf1 Bh7 37. f6 gxf6 38. Qxf6 Qe7 39. Qh6 Bg6 40. Kg1 Qc5+ 41. Kh1 Qf2 42. Rg1 Rxe5 43. Rdf1 Qg3 44. Rxf7 1-0

[Event "Boeblingen op 15th"]
[Site "Boeblingen"]
[Date "1998.??.??"]
[Round "?"]
[White "Huettig, Michael"]
[Black "Seidel, Michael"]
[Result "1-0"]
[WhiteElo "2240"]
[BlackElo "2090"]
[PlyCount "71"]
[EventDate "1998.12.26"]
[EventType "swiss"]
[EventRounds "9"]
[EventCountry "GER"]
[SourceTitle "EXT 2001"]
[Source "ChessBase"]
[SourceDate "2000.11.22"]
[SourceVersion "1"]
[SourceVersionDate "2000.11.22"]
[SourceQuality "1"]

1. Nf3 Nf6 2. g3 g6 3. Bg2 Bg7 4. 0-0 0-0 5. d3 d6 6. a3 a5 7. c4 c6 8. Nc3 e5 9. Rb1 Nbd7 10. b4 axb4 11. axb4 Re8 12. e4 Nf8 13. h3 Ne6 14. Bd2 Nd7 15. Ne2 f5 16. exf5 gxf5 17. Nh4 Rf8 18. b5 Qc7 19. f4 exf4 20. Nxf4 Nxf4 21. Bxf4 Ne5 22. bxc6 bxc6 23. d4 Nf7 24. c5 Ra3 25. Kh1 Bf6 26. d5 Bxh4 27. gxh4 cxd5 28. cxd6 Qd8 29. Rg1 Qf6 30. Bc1 Rg3 31. Rb3 Rxb3 32. Bxd5+ Kh8 33. Qxb3 Ne5 34. Bb2 Re8 35. Qg3 Be6 36. Bxe6 1-0

[Event "Regensburg op"]
[Site "Regensburg"]
[Date "1997.??.??"]
[Round "4"]
[White "Leusch, Gernot"]
[Black "Huettig, Michael"]
[Result "1-0"]
[WhiteElo "2125"]
[BlackElo "2270"]
[PlyCount "56"]
[EventDate "1997.??.??"]
[EventType "swiss"]
[EventRounds "9"]
[EventCountry "GER"]
[SourceTitle "EXT 2001"]
[Source "ChessBase"]
[SourceDate "2000.11.22"]
[SourceVersion "1"]
[SourceVersionDate "2000.11.22"]
[SourceQuality "1"]

1. e4 h6 2. d4 a6 3. Be3 d6 4. c4 e6 5. Nc3 Ne7 6. Bd3 Nd7 7. Nge2 g6 8. f3 Bg7 9. h4 h5 10. Qd2 c5 11. b3 Nc6 12. d5 exd5 13. exd5 Nce5 14. Rd1 Nxd3+ 15. Qxd3 Ne5 16. Qd2 Bf5 17. Ng3 Qd7 18. Nxf5 Qxf5 19. Ne4 0-0 20. 0-0 Qd7 21. Bh6 b5 22. Bxg7 Kxg7 23. Qc3 f6 24. Rfe1 bxc4 25. bxc4 Rab8 26. Rb1 Rb4 27. Rxb4 cxb4 28. Qd4 Qc7 1-0

[Event "Eger"]
[Site "Eger"]
[Date "1995.??.??"]
[Round "?"]
[White "Bali, Janos"]
[Black "Huettig, Michael"]
[Result "1-0"]
[WhiteElo "2200"]
[BlackElo "2315"]
[PlyCount "101"]
[EventDate "1995.??.??"]
[EventType "tourn"]
[EventRounds "11"]
[EventCountry "HUN"]
[SourceTitle "EXT 1999"]
[Source "ChessBase"]
[SourceDate "1998.11.16"]
[SourceVersion "1"]
[SourceVersionDate "1998.11.16"]
[SourceQuality "1"]

1. d4 Nf6 2. c4 c5 3. e3 e6 4. Nc3 d5 5. Nf3 Nc6 6. a3 a6 7. Bd3 dxc4 8. Bxc4 cxd4 9. exd4 Be7 10. 0-0 0-0 11. Bg5 b5 12. Ba2 Bb7 13. Rc1 Rc8 14. Qd3 Rc7 15. Bb1 g6 16. Rfd1 Rd7 17. Qe3 Nd5 18. Nxd5 Bxg5 19. Nxg5 Rxd5 20. Nf3 e5 21. Be4 exd4 22. Qh6 Rh5 23. Qf4 Qb6 24. Bxc6 Bxc6 25. Qd6 Rc8 26. Ne5 Rxe5 27. Qxe5 Re8 28. Qc5 Qxc5 29. Rxc5 Bb7 30. Kf1 Rd8 31. f3 Bc8 32. Kf2 Be6 33. b4 d3 34. Rc6 Bc4 35. Rd2 Ra8 36. a4 Kf8 37. a5 h5 38. Ke3 Re8+ 39. Kd4 Re2 40. Kc3 Re1 41. Rxa6 Rb1 42. Rb2 Rc1+ 43. Kd2 Rg1 44. Ke3 Re1+ 45. Kd4 Rc1 46. Rd2 Rb1 47. Kc5 Rc1 48. Rd6 Rc2 49. Rd1 Ke7 50. Rd4 Rxg2 51. a6 1-0